000 00531nam a2200205Ia 4500
005 20240823042632.0
008 240823s9999||||xx |||||||||||||| ||und||
020 _a978-81-250-3019-5
041 _aENGLISH
082 _A420 P8
100 _aHumanities
245 0 _aEnglish for Engineers and Technologies
250 _a1st
260 _c2009
_b"Orient Longman,Hydrabad"
500 _aTRANSFERED
650 _aENG
_bEnglish
700 _a" social science division,Anna University,Madras"
942 _cBK
999 _c208341
_d208341